00933cam a2200265 a 450000100100000000500170001000800410002702000150006804000220008308200180010510000360012324500650015926000360022430000260026049000470028665000280033365000310036170000340039283000550042691000340048191000070051504900090052295201210053199900150065200000801520200929154408.0940531s1993 sp 000 f spa d a8423973034 aDO-SdBNPcGUdDLC a863.64bF386b1 aFerrero, Jesús,d1952-92191010aBélver Yin /cJesús Ferrero ; prólogo de Rafael Conte. aMadrid :bEspasa Calpe,cc1993. a232, [5] p. ;c18 cm.1 aAustral.aLiteratura/contemporáneosv303 4aNovela española91123 4aLiteratura española96321 aConte, Rafael,epról.92967 0aAustral.pLiteratura/contemporáneos;v303920217 aCatalogación por copia / LC aWM aBNGR 001052708MOaGRbGRcHDd2009-09-14iLF1l0o863.64 F386bp8015-10r2020-06-25w2020-06-25y2ZPréstamo interno c7792d7792